Countries in the Indian Subcontinent - Statistics

General Stats
  • This quiz has been taken 187 times
  • The average score is 7 of 8
Answer Stats
Country % Correct
Bangladesh
98%
Nepal
98%
Pakistan
98%
Sri Lanka
97%
Bhutan
95%
India
93%
Burma
89%
Maldives
80%
No matching quizzes found
Score Distribution
Percent of People with Each Score
Percentile by Number Answered
Your Score History
You have not taken this quiz